000 00744nam a2200217 4500
001 113588
003 DR-UNIBE
005 20250509110449.0
008 250509b2002 ho ||||| |||| 00| 0 spa d
040 _aBIBLIOTECA UNIBE
_cBIBLIOTECA UNIBE
_bspa
_erda
041 _aspa
082 _222
_a345.7283 R426c
110 1 0 _aRepública de Honduras. Leyes, decretos, etc.
_9194690
_eautor
245 1 0 _aCódigo procesal penal :
_bdecreto número 9-99-E
250 _aNueva edición actualizada
260 _aTegucigalpa :
_bGrupo Editorial Graficentro,
_c2002
300 _a159 páginas :
_c20 x 13 cm
650 _2lemb
_aDerecho civil
_vCódigos
_zHonduras
_9195151
650 _2lemb
_aDerecho procesal
_vCódigos
_zHonduras
_9195152
942 _2ddc
_cBK
999 _c113588
_d113588